[Event "Perth op"]
[Site "Perth"]
[Date "2023.01.07"]
[Round "8"]
[White "Marriott, Max"]
[Black "Brown, Greg"]
[Result "1-0"]
[WhiteElo "1533"]
[BlackElo "1312"]
[PlyCount "81"]
[EventDate "2023.01.02"]
[EventType "swiss"]
[EventRounds "11"]
[EventCountry "AUS"]
[SourceTitle "CBM 212 Extra"]
[Source "ChessBase"]
[SourceDate "2023.03.31"]
[SourceVersion "1"]
[SourceVersionDate "2023.03.31"]
[SourceQuality "1"]

1. d4 Nf6 2. c4 d5 3. cxd5 Qxd5 4. Nc3 Qd8 5. Nf3 Bg4 6. Ne5 Bf5 7. Qb3 e6 8. Qxb7 Nbd7 9. Bg5 Qb8 10. Qc6 Qc8 11. Bxf6 gxf6 12. Nxd7 Ke7 13. Nc5 Rb8 14. e4 Bg6 15. Bb5 Bg7 16. Na6 Rb7 17. Qc5+ Kd8 18. Nb4 Rb6 19. Nc6+ Rxc6 20. Qxc6 f5 21. e5 f6 22. f4 Be8 23. Qc4 Qb7 24. 0-0 c6 25. Ba4 Bd7 26. b4 a6 27. Bb3 fxe5 28. dxe5 Kc7 29. Kh1 Bf8 30. a3 Rg8 31. Bd1 Qa7 32. Na4 Be7 33. Nc5 Bxc5 34. Qxc5 Qxc5 35. bxc5 Rb8 36. Be2 Bc8 37. Rab1 Rxb1 38. Rxb1 a5 39. Rb6 Bb7 40. Ba6 Ba8 41. Kg1 1-0

[Event "Perth op"]
[Site "Perth"]
[Date "2023.01.02"]
[Round "1"]
[White "Bassig, Hamish"]
[Black "Marriott, Max"]
[Result "1-0"]
[WhiteElo "1973"]
[BlackElo "1533"]
[PlyCount "39"]
[EventDate "2023.01.02"]
[EventType "swiss"]
[EventRounds "11"]
[EventCountry "AUS"]
[SourceTitle "CBM 212 Extra"]
[Source "ChessBase"]
[SourceDate "2023.03.31"]
[SourceVersion "1"]
[SourceVersionDate "2023.03.31"]
[SourceQuality "1"]

1. d4 Nf6 2. Nf3 d5 3. Bf4 c6 4. e3 Bf5 5. c4 e6 6. Qb3 Qb6 7. c5 Qxb3 8. axb3 Nbd7 9. Nc3 Be7 10. h3 0-0 11. b4 h6 12. b5 Rfe8 13. bxc6 bxc6 14. Ba6 e5 15. Nxe5 Nxe5 16. Bxe5 Bc8 17. b4 Nd7 18. Bh2 Bf6 19. Kd2 Nb8 20. Bd3 1-0

[Event "Adelaide Lidums op"]
[Site "Adelaide"]
[Date "2018.12.10"]
[Round "2"]
[White "Lee, Lachlan"]
[Black "Marriott, Max"]
[Result "1-0"]
[WhiteElo "1561"]
[BlackElo "1237"]
[PlyCount "59"]
[EventDate "2018.12.10"]
[EventType "swiss"]
[EventRounds "9"]
[EventCountry "AUS"]
[SourceTitle "EXT 2020"]
[Source "ChessBase"]
[SourceDate "2019.10.17"]
[SourceVersion "1"]
[SourceVersionDate "2019.10.17"]
[SourceQuality "1"]

1. c4 e6 2. Nc3 Nf6 3. Nf3 d5 4. cxd5 exd5 5. d4 Be7 6. Bg5 c6 7. e3 Bg4 8. Bd3 h6 9. Bxf6 Bxf6 10. 0-0 Nd7 11. Rb1 Be7 12. b4 a6 13. a4 Qc7 14. b5 axb5 15. axb5 0-0 16. h3 Bh5 17. Qe2 Bd6 18. Rfc1 Ba3 19. Rc2 Qd6 20. Ra2 Bb4 21. Rc2 Bxc3 22. Rxc3 c5 23. dxc5 Nxc5 24. Rd1 Na4 25. Rc2 Nb6 26. Rcd2 Qe6 27. Bc2 Rfd8 28. Bb3 Nc4 29. Bxc4 Bxf3 30. Qxf3 1-0

[Event "Adelaide Lidums op"]
[Site "Adelaide"]
[Date "2018.12.10"]
[Round "1"]
[White "Marriott, Max"]
[Black "Lim, Christopher"]
[Result "1/2-1/2"]
[WhiteElo "1237"]
[BlackElo "1757"]
[PlyCount "67"]
[EventDate "2018.12.10"]
[EventType "swiss"]
[EventRounds "9"]
[EventCountry "AUS"]
[SourceTitle "EXT 2020"]
[Source "ChessBase"]
[SourceDate "2019.10.17"]
[SourceVersion "1"]
[SourceVersionDate "2019.10.17"]
[SourceQuality "1"]

1. d4 d5 2. Bf4 Nf6 3. e3 c5 4. c3 Nc6 5. Nd2 Bf5 6. h3 e6 7. Ngf3 h6 8. Be2 Be7 9. 0-0 0-0 10. Re1 Re8 11. Ne5 Nxe5 12. Bxe5 a6 13. a4 b6 14. Bf3 cxd4 15. Bxd4 Ne4 16. Nxe4 dxe4 17. Bg4 Bf6 18. Bxf6 Qxf6 19. Bxf5 exf5 20. Qd4 Qg6 21. Rad1 Qc6 22. Qd7 Re6 23. Qxc6 Rxc6 24. Rd5 g6 25. Red1 Rac8 26. Rd6 Kg7 27. Kh2 R8c7 28. Kg3 Kf8 29. Rxc6 Rxc6 30. Rd4 Ke7 31. Kf4 Rf6 32. Ke5 Re6+ 33. Kf4 Rf6 34. Ke5 1/2-1/2